000 00653nam a2200217 u 4500
005 20240924071248.0
008 100428s1997 r 000 0 eng d
020 _a8439287291
035 _aUPN01000175620
049 _aI
050 4 _aPZ74.9
_bN6.52
100 1 _aNöstlinger, Christine,
_d1936-
_931818
245 1 0 _aMadisú /
_cChristine Nöstlinger ; il. Arnal Ballester.
260 _aMadrid :
_bGaviota,
_c1997.
300 _a59 p. :
_bil. col.
440 0 _aGaviota junior.
500 _aBasada en un relato de Frank Abu Sidibé
650 4 _aCUENTOS INFANTILES AUSTRIACOS
_912943
650 4 _aLiteratura infantil
_94445
905 _aLibro
999 _c147724
_d147724